00325nam a2200121Ia 4500008004100000041000800041082001500049100001800064245004500082250001400127260002900141300003300170240624s9999 xx 000 0 und d aeng a658.83 HOO aHOOLEY GRAHAM aMARKETING STRATEGY AND COMPETITIVE POSIT a(4th ed.) c2009aNew DelhibPearson axviii, : 614 : p. : cm. ; 24